000 01079nam a22002537a 4500
005 20240305165443.0
007 cr|||| ||u|
008 161004s2009 Bl |||||o|||| 001 0 Por d
020 _a978-85-89919-66-1
035 _a14382
040 _avLex
090 _c6273
_d6273
100 1 _aFernandes da Silva, André
245 1 _aA Lei de Locações e os Direitos do Locatário
_h[Recurso electrónico] /
_cAndré Fernandes da Silva.
256 _aServicio en línea
260 _aSão Paulo:
_bPillares,
_c2009.
300 _a1 Recurso electrónico
506 1 _aDisponible solo en los productos indicados
_dvLex Global
_dvLex Global (Academic Edition, excluding Law Schools)
_dvLex Global (U.S. Academic Edition, Law Schools)
_dvLex Global (U.S. Academic Edition, excluding Law Schools)
_dvLex Global (Academic Edition, Law Schools)
650 0 4 _aDesigualdad social
_zBrasil
650 0 4 _aDerecho fiscal
_zBrasil
740 0 _avLex libros (servicio en linea)
856 4 0 _uhttps://app.vlex.com/#/sources/lei-de-loca-es-e-os-direitos-do-locatario-14382
942 _cRAA
999 _c164531
_d164531